01119nab a22002177a 4500999001500000003000400015005001700019008004100036040000700077100003500084245009100119260007200210300001300282500003900295505025900334505008900593650002600682650003600708773014400744942001300888 c5901d5901OSt20260110004036.0190605e xxu||||| |||| 00| 0 spa d cPJ 96642aPalavecino, Santiago A. 10aMedidas innovativas y autosatisfactivas en el fuero laboral /cSantiago A. Palavecino. aCiudad Autónoma de Buenos Aires :bThomson Reuters La Ley,c2023. ap. 77-85 aCita: TR LALEY AR/DOC/1867/2023.  aSumario: I. Introducción.— II. Las medidas innovativas y las autosatisfactivas: definición y sus características propias.— III. Jurisprudencia: casos relevantes en el fuero del trabajo.— IV. Conclusión.— V. Bibliografía complementaria.  t¿Te interesa el texto completo? Solicitalo al correo: koha@justierradelfuego.gov.ar 091316aDERECHO LABORAL 094222aMEDIDAS AUTOSATISFACTIVAS0 0271193168dCiudad Autónoma de Buenos Aires : Thomson Reuters La Ley, 1999-2002.tRevista de derecho del trabajo. Nº 5 - Septiembre 2023 2udccANA